| 000 | 01583nam0a2200397 4500 | ||
|---|---|---|---|
| 001 | RU\NLR\BIBL_A\022594137 | ||
| 005 | 20260420051509.0 | ||
| 010 |
_a978-5-09-125632-1 _9200 |
||
| 021 |
_aRU _bКН-П-25-033349 _9КН-П-25-3292 |
||
| 035 | _a(NLR Aleph) 022594137 | ||
| 090 |
_a13679973 _c13679973 |
||
| 100 | _a20250731d2025 e y0rusy50 ca | ||
| 101 | 0 | _arus | |
| 102 | _aRU | ||
| 105 | _aac j 000yy | ||
| 181 | 0 |
_ai _baxxe |
|
| 182 | 0 | _an | |
| 200 | 1 |
_aПрикладная механика _e10-11 класс _eучебное пособие _fС. Е. Муравьев, А. С. Ольчак |
|
| 203 |
_aТекст _bвизуальный _cнепосредственный |
||
| 205 | _a5-е изд. стер. | ||
| 210 |
_aМосква _cПросвещение _d2025 |
||
| 215 |
_a191, [1] с. _cил., цв. ил., портр. _d22 |
||
| 225 | 1 | _aПрофильная школа | |
| 225 | 1 | _aФГОС | |
| 300 | _aКн. содерж. QR - коды на доп. информ. | ||
| 313 | _a4-е изд. 2024 г. | ||
| 320 | _aБиблиогр.: с. 188-189 (37 назв.) | ||
| 333 | _a12+ | ||
| 606 | 1 |
_aПрикладная механика _jУчебные издания для средней школы _9983097 _3RU\NLR\AUTH\66370323 |
|
| 686 | 1 | _aВ2я721-1 | |
| 700 | 1 |
_aМуравьев _bС. Е. _gСергей Евгеньевич |
|
| 701 | 1 |
_aОльчак _bА. С. _gАндрей Станиславович |
|
| 942 | _cBOOK | ||
| 980 | _aNB | ||